FC Barcelone - Tous les Joueurs (2015-2026) - Statistiques

Statistiques générales
  • Ce quiz a été pris 1 268 fois
    345 depuis la dernière actualisation
  • Le résultat moyen est 53 sur 97
Statistiques - réponses
Matchs Période Nationalité Joueur % Correct
778 2004-2021 Argentine Lionel Messi
100%
674 2002-2018 Espagne Andrés Iniesta
95%
722 2008-2023 Espagne Sergio Busquets
95%
767 1998-2015 Espagne Xavi Hernandez
95%
423 2014- Allemagne Marc-André ter Stegen
94%
186 2013-2017 Brésil Neymar Junior
94%
283 2014-2020 Uruguay Luis Suarez
93%
71 2016-2019 Espagne Denis Suarez
92%
297 2019- Pays-Bas Frenkie de Jong
91%
188 2022- France Jules Koundé
90%
29 2021-2022 Pays-Bas Luuk de Jong
90%
193 2022- Pologne Robert Lewandowski
90%
408 2008-2022 Brésil Dani Alves
89%
616 2008-2022 Espagne Gerard Piqué
89%
213 2019- Uruguay Ronald Araujo
89%
310 2014-2020 Croatie Ivan Rakitic
88%
151 2023- Espagne Lamine Yamal
88%
166 2021- Espagne Gavi
87%
459 2012-2023 Espagne Jordi Alba
86%
245 2020- Espagne Pedri
86%
177 2022- Brésil Raphinha
85%
102 2019-2022 France Antoine Griezmann
80%
185 2017-2023 France Ousmane Dembélé
80%
334 2010-2018 Argentine Javier Mascherano
78%
168 2021- Espagne Alejandro Balde
76%
24 2022 Gabon Pierre-Emerick Aubameyang
76%
166 2021- Espagne Eric Garcia
75%
98 2022- Danemark Andreas Christensen
74%
45 2025- Espagne Joan García
74%
128 2024- Espagne Pau Cubarsi
72%
133 2016-2023 France Samuel Umtiti
72%
51 2015-2018 Espagne Aleix Vidal
70%
96 2018-2020 Chili Arturo Vidal
70%
136 2023- Espagne Fermin Lopez
69%
321 2008-2015 Espagne Pedro
68%
207 2022- Espagne Ferran Torres
67%
91 2014-2017 France Jérémy Mathieu
66%
93 2024- Espagne Gerard Martin
65%
65 2023- Portugal Joao Cancelo
63%
72 2020-2024 États-Unis Sergino Dest
63%
160 2018-2025 France Clément Lenglet
62%
27 2022- Espagne Pablo Torre
62%
30 2020-2022 Bosnie-Herzégovine Miralem Pjanic
61%
106 2018-2022 Brésil Philippe Coutinho
61%
49 2025- Angleterre Marcus Rashford
60%
373 2010-2024 Espagne Sergi Roberto
59%
55 2015-2020 Turquie Arda Turan
58%
88 2024- Espagne Dani Olmo
58%
43 2022-2023 Côte d'Ivoire Franck Kessié
57%
75 2014-2016 Chili Claudio Bravo
55%
124 2017-2020 Portugal Nélson Semedo
50%
58 2020-2022 Danemark Martin Braithwaite
49%
90 2011-2020 Brésil Rafinha Alcantara
48%
51 2023-2024 Allemagne Ilkay Gundogan
47%
42 2021-2023 Pays-Bas Memphis Depay
47%
71 2024-2025 Espagne Inigo Martinez
46%
44 2023-2024 Portugal Joao Félix
46%
46 2016-2018 France Lucas Digne
46%
75 2022- Espagne Marc Casado
46%
42 2025- Pologne Wojciech Szczesny
46%
21 2013-2022 Espagne Adama Traoré
45%
36 2024- Espagne Marc Bernal
45%
49 2017-2019 Brésil Paulinho
45%
72 2018-2020 Brésil Arthur Melo
43%
123 2019-2025 Espagne Ansu Fati
42%
78 2016-2019 Portugal André Gomes
40%
53 2014-2019 Belgique Thomas Vermaelen
39%
28 2025- Suède Roony Bardghji
37%
14 2021-2023 Maroc Abde Ezzalzouli
36%
45 2019-2025 Espagne Inaki Pena
35%
65 2012-2016 Cameroun Alexandre Song
34%
42 2020-2023 Portugal Francisco Trincao
31%
30 2023- Espagne Héctor Fort
31%
56 2014-2019 Maroc Munir El Haddadi
31%
57 2018-2022 Espagne Riqui Puig
31%
32 2016-2019 Pays-Bas Jasper Cillessen
28%
189 2010-2016 Brésil Adriano
26%
24 2018-2019 Brésil Malcom
26%
21 2019-2022 Brésil Neto
24%
66 2020-2022 Espagne Oscar Mingueza
23%
18 2020-2021 Mali Ilaix Moriba
22%
41 2019-2021 République dominicaine Junior Firpo
22%
16 2024-2025 Brésil Vitor Roque
21%
37 2021-2023 Espagne Nico Gonzalez
18%
39 2023-2024 Espagne Oriol Romeu
18%
103 2009-2016 Espagne Marc Bartra
17%
45 2022-2024 Espagne Marcos Alonso
16%
50 2016-2019 Espagne Paco Alcacer
16%
29 2024- Espagne Pau Victor
16%
23 2011-2018 Espagne Gerard Deulofeu
13%
35 2010-2015 Pays-Bas Ibrahim Afellay
12%
86 2011-2017 Espagne Cristian Tello
11%
67 2011-2016 Espagne Martin Montoya
9%
13 2018-2020 Espagne Carles Pérez
8%
44 2016-2021 Espagne Carles Alena
7%
13 2014-2019 Espagne Sergi Samper
6%
32 2014-2016 Espagne Sandro Ramirez
5%
Aucun quiz correspondant
Distribution des résultats
% des personnes avec chaque résultat
Percentile par nombre de réponses
Votre historique - résultats
Vous n’avez pas pris ce quiz depuis la dernière actualisation